Reponses to English for specific purposes ( ESP )

The book includes: English for academic purposes; English for the arts; English for business and economics; English for medical; English for science and techonology; English for sociocultural; English for vocational.

Bewaard in:
Bibliografische gegevens
Hoofdauteur: Master, Peter
Formaat: Boek
Taal:Undetermined
Gepubliceerd in: Washington, D.C. United States Information Agency 1998
Onderwerpen:
Tags: Voeg label toe
Geen labels, Wees de eerste die dit record labelt!
Thư viện lưu trữ: Trung tâm Học liệu Trường Đại học Cần Thơ
LEADER 00851nam a2200205Ia 4500
001 CTU_125653
008 210402s9999 xx 000 0 und d
082 |a 428.007 
082 |b M423 
100 |a Master, Peter 
245 0 |a Reponses to English for specific purposes ( ESP ) 
245 0 |c Peter Master 
260 |a Washington, D.C. 
260 |b United States Information Agency 
260 |c 1998 
520 |a The book includes: English for academic purposes; English for the arts; English for business and economics; English for medical; English for science and techonology; English for sociocultural; English for vocational. 
650 |a English language,English language 
650 |x Study and teaching,Foreign speakers,Technical English,Study and teaching 
904 |i Minh 
980 |a Trung tâm Học liệu Trường Đại học Cần Thơ